00517nam a22001697a 450000500170000001000150001702000260003203500130005803700130007108200110008410000140009524500690010926000360017827000600021430000230027450000500029720130607122333.0 aENG-107328 a9789380902906c595.00 aEN-90861 bDBAD/PUB a650.13 aRao, M.S. aSoft skills for students :cby M.S.Raobclassroom to corporate / aJaipurbAadi Publicationsc2012 a18, Jain Bhawan, Opp.N.B.C.Shanti NagarbJaipure302006 axx,147p.c23cm(Hb) aIncludes bibliographical references and index